Religion, communities and development (Record no. 12562)

MARC details
000 -LEADER
fixed length control field 02339nam a2200349Ia 4500
001 - CONTROL NUMBER
control field 9780203814079
003 - CONTROL NUMBER IDENTIFIER
control field BD-DhSAU
005 - DATE AND TIME OF LATEST TRANSACTION
control field 20151012151719.0
006 - FIXED-LENGTH DATA ELEMENTS--ADDITIONAL MATERIAL CHARACTERISTICS
fixed length control field a|||||s|||||||||||
007 - PHYSICAL DESCRIPTION FIXED FIELD--GENERAL INFORMATION
fixed length control field cr||||
008 - FIXED-LENGTH DATA ELEMENTS--GENERAL INFORMATION
fixed length control field 110531s2010 ii ad sb 001 0 eng d
020 ## - INTERNATIONAL STANDARD BOOK NUMBER
International Standard Book Number 9780203814079 (e-book : PDF)
040 ## - CATALOGING SOURCE
Original cataloging agency BD-DhSAU
Transcribing agency BD-DhSAU
043 ## - GEOGRAPHIC AREA CODE
Geographic area code a-ii---
090 ## - LOCALLY ASSIGNED LC-TYPE CALL NUMBER (OCLC); LOCAL CALL NUMBER (OCLC)
Classification number (OCLC) (R) ; Classification number, CALL (RLIN) (NR) DS449
Local cutter number (OCLC) ; Book number/undivided call number, CALL (RLIN) .R45 2010
092 ## - LOCALLY ASSIGNED DEWEY CALL NUMBER (OCLC)
Classification number 327.54
Item number R382
245 00 - TITLE STATEMENT
Title Religion, communities and development
Medium [electronic resource] :
Remainder of title changing contours of politics and policy in India /
Statement of responsibility, etc. editors, Gurpreet Mahajan, Surinder S. Jodhka.
260 ## - PUBLICATION, DISTRIBUTION, ETC. (IMPRINT)
Place of publication, distribution, etc. New Delhi [India] :
Name of publisher, distributor, etc. Routledge,
Date of publication, distribution, etc. 2010.
300 ## - PHYSICAL DESCRIPTION
Extent xii, 336 p. :
Other physical details ill.
504 ## - BIBLIOGRAPHY, ETC. NOTE
Bibliography, etc Includes bibliographical references and index.
505 0# - FORMATTED CONTENTS NOTE
Formatted contents note 1. Religion, community and development / Gurpreet Mahajan -- 2. Political communalisation of religious and the crisis of secularism / D.L. Sheth -- 3. The sachar committee report and multiculturalism in India : questions of group equality and the public sphere / Amir Ali -- 4. Hindutva's discourse on development / Pralay Kanungo -- 5. Seva, Sangathanas and Gurus : service and the making of the Hindu nation / Sujata Patel -- 6. Development as liberation : an Indian Christian perspective / Rudolf C. Heredia -- 7. Indian Christians : trajectories of development / Rowena Robinson -- 8. Sikhs today : development, disparity and difference / Surinder S. Jodhka -- 9. Contemporary Muslim situation in India : a long-term view / Javeed Alam -- 10. Between identity and equity : an agenda for affirmative action for Muslims / Tanweer Fazal -- 11. Struggle for the margin or from the margin / Gopal Guru -- 12. Literacy, education and gender gap among socio-religious communities / Ravinder Kaur -- 13. Cultural rights of minorities during constitution-making : a re-reading / Rochana Bajpai -- 14. The Goan Muslim : presence through invisibility / V. SriRanjani.
530 ## - ADDITIONAL PHYSICAL FORM AVAILABLE NOTE
Additional physical form available note Also available in print edition.
538 ## - SYSTEM DETAILS NOTE
System details note Mode of access: World Wide Web.
650 #0 - SUBJECT ADDED ENTRY--TOPICAL TERM
Topical term or geographic name as entry element India
General subdivision Politics and government.
650 #0 - SUBJECT ADDED ENTRY--TOPICAL TERM
Topical term or geographic name as entry element Religion
Geographic subdivision India.
655 #7 - INDEX TERM--GENRE/FORM
Genre/form data or focus term Electronic books.
Source of term lcsh
700 1# - ADDED ENTRY--PERSONAL NAME
Personal name Mahajan, Gurpreet.
700 1# - ADDED ENTRY--PERSONAL NAME
Personal name Jodhka, Surinder S.
776 1# - ADDITIONAL PHYSICAL FORM ENTRY
International Standard Book Number 041558566X
776 1# - ADDITIONAL PHYSICAL FORM ENTRY
International Standard Book Number 9780415585668
856 40 - ELECTRONIC LOCATION AND ACCESS
Uniform Resource Identifier <a href="http://www.tandfebooks.com/isbn/9780203814079">http://www.tandfebooks.com/isbn/9780203814079</a>

No items available.